|
|
|
|
| LEADER |
01599nam a2200397Ia 4500 |
| 001 |
EBC433479 |
| 003 |
MiAaPQ |
| 005 |
20200520144314.0 |
| 006 |
m o d | |
| 007 |
cr cn||||||||| |
| 008 |
030904s2003 si sb 001 0 eng d |
| 010 |
|
|
|z 2003411997
|
| 020 |
|
|
|z 9789812325440
|
| 020 |
|
|
|z 9812325441
|
| 035 |
|
|
|a (MiAaPQ)EBC433479
|
| 035 |
|
|
|a (Au-PeEL)EBL433479
|
| 035 |
|
|
|a (CaPaEBR)ebr10515518
|
| 035 |
|
|
|a (OCoLC)609835220
|
| 040 |
|
|
|a MiAaPQ
|c MiAaPQ
|d MiAaPQ
|
| 050 |
|
4 |
|a DS644.5
|b .I498 2003
|
| 245 |
0 |
0 |
|a Indonesia matters
|h [electronic resource] :
|b diversity, unity, and stability in fragile times /
|c Thang D. Nguyen and Frank Jurgen Richter, [eds.] ; [foreword by Klaus Schwab ; prefaces by Abdurrahman Wahid and Gareth Evans].
|
| 260 |
|
|
|a Singapore :
|b Times Editions,
|c 2003.
|
| 300 |
|
|
|a xvi, 238 p.
|
| 504 |
|
|
|a Includes bibliographical references and index.
|
| 533 |
|
|
|a Electronic reproduction. Ann Arbor, MI : ProQuest, 2015. Available via World Wide Web. Access may be limited to ProQuest affiliated libraries.
|
| 651 |
|
0 |
|a Indonesia
|x History
|y 1998-
|
| 651 |
|
0 |
|a Indonesia
|x Politics and government
|y 1998-
|
| 651 |
|
0 |
|a Indonesia
|x Social conditions
|y 1998-
|
| 651 |
|
0 |
|a Indonesia
|x Economic conditions
|y 1997-
|
| 651 |
|
0 |
|a Indonesia
|x Foreign relations
|y 1998-
|
| 651 |
|
0 |
|a Indonesia
|x Forecasting.
|
| 655 |
|
4 |
|a Electronic books.
|
| 700 |
1 |
|
|a Nguyen, Thang D.,
|d 1971-
|
| 700 |
1 |
|
|a Richter, Frank-Jurgen.
|
| 710 |
2 |
|
|a ProQuest (Firm)
|
| 856 |
4 |
0 |
|u https://ebookcentral.proquest.com/lib/matrademy/detail.action?docID=433479
|z Click to View
|